000
00322nam a22001337a 4500
008
180109b xxu||||| |||| 00| 0 eng d
020
_a
0891188282
041
_a
eng
080
_a
574
100
_a
9
101
_a
MJE
245
_a
AQUIC CONDITIONS AND HYDRIC SOILS: THE PROBLEM SOILS
_c
VEPRASKAS,M,J
942
_2
udc
_c
BK
999
_c
39919
_d
39919